| 000 | 00480fam a2200193 a 4500 | ||
|---|---|---|---|
| 005 | 20260322212036.0 | ||
| 008 | data | ||
| 010 | _a 92022793 | ||
| 020 | _a0399137769 (acidfree paper) | ||
| 020 | _a978-0399137761 (acid-free paper) | ||
| 040 |
_aDLC _cDLC _dCtY |
||
| 050 | 0 | 0 |
_aPR6056.R27 _bD74 1992 |
| 099 | _aFRANCD | ||
| 100 | 1 | _aFrancis, Dick. | |
| 245 | 1 | 0 |
_aDriving force / _cDick Francis. |
| 260 |
_aNew York : _bPutnam, _cc1992. |
||
| 300 |
_a318 p. ; _c24 cm. |
||
| 001 | data | ||
| 999 |
_c831 _d831 |
||